000 01599nam a22003257a 4500
001 BRCA_9242
003 FranzMayer
005 20230918131125.0
008 221005b |||||||| |||| 00| 0 eng d
040 _bspa
_cMFM
041 1 _aeng
_afre
_aspa
050 _aNX710.
_bA78 2005
245 _aArt donations : selected works donated by members of the World Federation of Friends of Museums = Donations d'art : sélection d'oeuvres données par les membres de la Fédération Mondiale des Amis des Musées = Donaciones de arte : selección de obras donadas por los miembros de la Federación Mundial de Amigos de los Museos
260 _aItalia :
_bEdizioni d'Arte Severgnini,
_c2005
260 _bFederación Mundial de Amigos de los Museos,
_c2005
300 _a222 pp. :
_bfot. ;
_c29.5 x 30 cm.
500 _aun ejemplar en Anexo 1
500 _aIncluye imagen de la Colección Museo Franz Mayer (p. 131)
505 _tFMAM: recorriendo los próximos treinta años /
_rCarla Bossi Comelli
505 _tAmigos de los museos, museos de amigos /
_rLuis Monreal
505 _tPasado, presente y futuro de los museos /
_rJérôme Bindé
505 _tMecenazgo a los museos: una introducción /
_rBernard Aikema
505 _tSelección de las obras
505 _tApéndice
505 _tGrupo Collado y cultura /
_rGuillermo Vogel Hinojosa y José Antonio Rodríguez Cacho
610 _aWorld Federation of Friends of Museums
_vCatálogo
_xArte
_xHistoria
_928597
650 _aMezenazgo artístico
_xMuseos
_928598
650 _aMuseos
_xAdquisiciones
_928599
942 _2lcc
_cB
999 _c10861
_d10861